Анализ лесных пожаров на территории Кемеровской области; Инновационные технологии в машиностроении
| Parent link: | Инновационные технологии в машиностроении.— 2025.— С. 150-153 |
|---|---|
| Yazar: | |
| Diğer Yazarlar: | |
| Özet: | В статье рассмотрены данные по количеству и причинам возникновения лесных пожаров на территории Кемеровской области The article considers data on the number and causes of forest in the Kemerovo region Текстовый файл |
| Dil: | Rusça |
| Baskı/Yayın Bilgisi: |
2025
|
| Konular: | |
| Online Erişim: | http://earchive.tpu.ru/handle/11683/132064 |
| Materyal Türü: | MixedMaterials Elektronik Kitap Bölümü |
| KOHA link: | https://koha.lib.tpu.ru/cgi-bin/koha/opac-detail.pl?biblionumber=680973 |
MARC
| LEADER | 00000naa2a2200000 4500 | ||
|---|---|---|---|
| 001 | 680973 | ||
| 005 | 20250728141733.0 | ||
| 090 | |a 680973 | ||
| 100 | |a 20250701d2025 k||y0rusy50 ca | ||
| 101 | 0 | |a rus | |
| 102 | |a RU | ||
| 135 | |a drcn ---uucaa | ||
| 200 | 1 | |a Анализ лесных пожаров на территории Кемеровской области |f Н. Ю. Луговцова, В. А. Мазурин | |
| 283 | |2 RDAcarrier | ||
| 320 | |a Список использованных источников: 5 назв | ||
| 330 | |a В статье рассмотрены данные по количеству и причинам возникновения лесных пожаров на территории Кемеровской области | ||
| 330 | |a The article considers data on the number and causes of forest in the Kemerovo region | ||
| 336 | |a Текстовый файл | ||
| 463 | 1 | |0 680673 |9 680673 |t Инновационные технологии в машиностроении |o сборник трудов XVI Международной научно-практической конференции, г. Юрга, 22–23 мая 2025 г. |c Томск |d 2025 |n Изд-во ТПУ |u conference_tpu-2025-C30.pdf |v С. 150-153 | |
| 545 | 1 | |a Промышленная безопасность | |
| 610 | 1 | |a труды учёных ТПУ | |
| 610 | 1 | |a электронный ресурс | |
| 610 | 1 | |a лесные пожары | |
| 610 | 1 | |a причины пожаров | |
| 610 | 1 | |a статистика пожаров | |
| 610 | 1 | |a forest fire | |
| 610 | 1 | |a analysis of forest fires | |
| 610 | 1 | |a statistics | |
| 700 | 1 | |a Луговцова |b Н. Ю. |c специалист в области экологии и безопасности жизнедеятельности |c старший преподаватель Юргинского технологического института (филиала) Томского политехнического университета |f 1983- |g Наталья Юрьевна |9 14203 | |
| 701 | 1 | |a Мазурин |b В. А. | |
| 801 | 0 | |a RU |b 63413507 |c 20250701 | |
| 850 | |a 63413507 | ||
| 856 | 4 | |u http://earchive.tpu.ru/handle/11683/132064 |z http://earchive.tpu.ru/handle/11683/132064 | |
| 942 | |c CF | ||